000 00693nam a2200205Ia 4500
003 GCL
008 140319s9999 xx 000 0 ara d
040 _aGCL /
_cGCL
082 0 4 _a745.4
_bس ا
100 1 _aعبدالعزيز محمد فهمى
245 1 0 _aاسس التصميم /
_cعبدالعزيز محمد فهمى
700 1 _aسكوت، روبرت جيلام
700 1 _aمحمد محمد يوسف
700 1 _aعبدالباقى محمد ابراهيم
260 _aالقاهرة :
_bدار نهضة مصر للطبع والنشر ،
_c1980
300 _a232 ص ؛
_c26 سم
650 0 4 _aالتصميم الزخرفى
650 0 4 _aالتصميم
942 _2ddc
_cBK
999 _c35824
_d35824